[Event "1st Lanzarote it"]
[Site "Lanzarote ESP"]
[Date "1973.05.03"]
[Round "10"]
[White "Menvielle Lacourrelle, Augusto"]
[Black "Kavalek, Lubomir"]
[Result "0-1"]
[WhiteElo "2365"]
[BlackElo "2555"]
[EventDate "1973.04.24"]
[PlyCount "116"]

1.e4 c5 2.Nf3 Nc6 3.d4 cxd4 4.Nxd4 Nf6 5.Nc3 d6 6.Bg5 a6 7.Qd2 Bd7 8.O-O-O
b5 9.Nxc6 Bxc6 10.Bd3 e6 11.Rhe1 Be7 12.f4 h6 13.Bh4 g5 14.e5 Nh5 15.fxg5 
d5 16.Ne2 hxg5 17.Bf2 Nf4 18.Nd4 Bd7 19.Bg3 Nxd3+ 20.Qxd3 Qa5 21.Kb1 O-O-O
22.Rf1 Be8 23.Qe2 Kb7 24.Nb3 Qb6 25.Bf2 Qc7 26.h3 Rc8 27.Rfe1 Ka8 28.Rd3 
Qb8 29.Nd4 Rc4 30.Rg3 Rh4 31.Rg4 Rxg4 32.Qxg4 Qb6 33.Rd1 Qb8 34.b3 Rc8 35.
Qe2 Qc7 36.Nf3 f5 37.exf6 Bxf6 38.Bd4 Bxd4 39.Nxd4 Bf7 40.Nf3 Bh5 41.g4 
Bg6 42.Rd2 Qc3 43.Nxg5 $2 ( 43.Nd4 $1 e5 $2 ( 43...Rf8 44.Rd1 $11 ) 44.
Qxe5 $1 Qxd2 45.Qxd5+ $18 ) 43...a5 $1 $19 44.h4 a4 45.Rd3 Bxd3 46.Qxd3 
Qe1+ 47.Kb2 Qe5+ 48.c3 Qh2+ 49.Ka3 Qd6+ 50.b4 Qe5 51.Kb2 ( 51.Qxb5 $2 
Qxc3+ 52.Kxa4 Rc6 $3 53.a3 Ka7 $1 ) 51...Qh2+ 52.Ka3 Qg1 53.Kb2 $2 ( 53.
Qxb5 $1 Rxc3+ 54.Kxa4 $132 ) 53...Qf2+ 54.Qc2 Qe3 ( 54...a3+ $1 55.Kb3 ( 
55.Kb1 Qg3 $1 ) 55...Qa7 $1 ) 55.Nh7 d4 ( 55...a3+ $1 ) 56.Nf6 dxc3+ {
[Comentarios: FM Ernesto Solana. (Blog EXPLORACIONES INTROVERSAS, 2016). 
|| Fuente: BOLETN OFICIAL DEL I TORNEO INTERNACIONAL DE AJEDREZ CIUDAD DE 
ARRECIFE DE LANZAROTE. (1973, partida 50, pgina 14). Federacin Provincial 
de Ajedrez de Gran Canaria. Espaa. /\ Fuente 2: Solana, Ernesto. Coleccin 
de partidas digitalizadas del Torneo Internacional de Lanzarote 1973. Blog
EXPLORACIONES INTROVERSAS. (01-10-2016). Ricardo Moyano 
(Editor/Webmaster). Espacio virtual oriundo de Espaa. Base de datos 
disponible para descarga en la direccin: 
http://nemogc.blogspot.com/2016/10/ i-torneo-de-ajedrez-internacional.html
]} ( 56...dxc3+ 57.Ka3 Qd2 $19 ) 0-1

[Event "1st Lanzarote it"]
[Site "Lanzarote ESP"]
[Date "1973.05.03"]
[Round "10"]
[White "Ribli, Zoltan"]
[Black "Huguet, Bernard"]
[Result "1-0"]
[WhiteElo "2505"]
[BlackElo "2255"]
[EventDate "1973.04.24"]
[PlyCount "73"]

1.e4 c5 2.Nf3 Nc6 3.d4 cxd4 4.Nxd4 d6 5.Nc3 Nf6 6.Bc4 e6 7.Be3 Bd7 8.Bb3 
Be7 9.Qe2 Nxd4 10.Bxd4 Bc6 11.O-O-O O-O 12.f4 Qc7 13.f5 e5 14.Bf2 b5 15.g4
b4 16.Nd5 Nxd5 17.Bxd5 Bxd5 18.Rxd5 a5 19.h4 a4 20.Rh3 Rfc8 21.Kb1 Ra5 22.
Rxa5 Qxa5 23.Rd3 Qb5 24.Rd2 Qb7 25.g5 Rc6 26.Qd3 Bd8 27.Bg3 f6 28.g6 hxg6 
29.fxg6 Kf8 30.Bf2 Ba5 31.Qd5 Qc7 32.h5 b3 33.c3 a3 34.h6 gxh6 35.Be3 
bxa2+ 36.Kxa2 Ra6 37.b4 {[Partida tipeada y digitalizada por Ernesto 
Solana (21-09-2016, Canarias, ESP) de la fuente primaria: BOLETN OFICIAL 
DEL I TORNEO INTERNACIONAL DE AJEDREZ CIUDAD DE ARRECIFE DE LANZAROTE. 
(1973, partida nmero 48, pgina 13). Federacin Provincial de Ajedrez de 
Gran Canaria. Espaa. ]} 1-0

[Event "1st Lanzarote it"]
[Site "Lanzarote ESP"]
[Date "1973.05.04"]
[Round "11"]
[White "Calvo Minguez, Ricardo"]
[Black "Menvielle Lacourrelle, Augusto"]
[Result "1-0"]
[WhiteElo "2330"]
[BlackElo "2365"]
[EventDate "1973.04.24"]
[PlyCount "35"]

1.e4 c5 2.Nf3 Nc6 3.Bb5 Nf6 4.e5 Nd5 5.O-O g6 6.Nc3 Nxc3 7.dxc3 Bg7 8.Re1 
O-O 9.Qd5 b6 10.Bxc6 dxc6 11.Qxc6 Bf5 12.Qa4 Qe8 13.Qh4 Qc6 14.Bh6 Bxc2 
15.Ng5 f6 16.Qc4+ Kh8 17.Bxg7+ Kxg7 18.Ne6+ {[Partida tipeada y 
digitalizada por Ernesto Solana (21-09-2016, Canarias, ESP) de la fuente 
primaria: BOLETN OFICIAL DEL I TORNEO INTERNACIONAL DE AJEDREZ CIUDAD DE 
ARRECIFE DE LANZAROTE. (1973, partida nmero 51, pgina 14). Federacin 
Provincial de Ajedrez de Gran Canaria. Espaa. ]} 1-0

[Event "1st Lanzarote it"]
[Site "Lanzarote ESP"]
[Date "1973.05.04"]
[Round "11"]
[White "Ljubojevic, Ljubomir"]
[Black "Ribli, Zoltan"]
[Result "1-0"]
[WhiteElo "2550"]
[BlackElo "2505"]
[EventDate "1973.04.24"]
[PlyCount "67"]

1.e4 c5 2.Nf3 d6 3.d4 cxd4 4.Nxd4 Nf6 5.Nc3 a6 6.Bc4 e6 7.Bb3 Nc6 8.Be3 
Qc7 9.Qe2 Be7 10.O-O-O O-O 11.f4 Nxd4 12.Rxd4 b5 13.Rf1 Bb7 14.f5 e5 15.
Rd3 b4 16.Nd5 Bxd5 17.Bxd5 Rac8 18.Kb1 a5 19.Rc1 $1 a4 20.c4 $1 Nxd5 21.
Rxd5 b3 22.axb3 axb3 23.Rb5 Qc6 24.Qd3 $16 Rb8 25.Rc3 $1 Rfc8 26.Rcxb3 Ra8
( 26...Rxb5 27.cxb5 $18 ) 27.R5b4 g6 28.g4 Ra4 29.Qd5 Qa6 30.Rxa4 Qxa4 31.
Rb7 $18 Rxc4 ( 31...Qe8 32.g5 ) 32.b3 Rb4 33.f6 $1 Rxb7 34.Qxb7 {
[Comentarios: Ernesto Solana. (Blog EXPLORACIONES INTROVERSAS, 2016). || 
Fuente 1: BOLETN OFICIAL DEL I TORNEO INTERNACIONAL DE AJEDREZ CIUDAD 
ARRECIFE DE LANZAROTE. (1973, pgina 15, partida 53). Federacin Provincial 
de Ajedrez de Gran Canaria. Espaa. /\ Fuente 2: Solana, Ernesto. Coleccin 
de partidas digitalizadas del Torneo Internacional de Lanzarote 1973. Blog
EXPLORACIONES INTROVERSAS. (01-10-2016). Ricardo Moyano 
(Editor/Webmaster). Espacio virtual oriundo de Espaa. Base de datos 
disponible en la direccin: 
http://nemogc.blogspot.com/2016/10/i-torneo-de-ajedrez-internacional.html 
]} 1-0

[Event "1st Lanzarote it"]
[Site "Lanzarote ESP"]
[Date "1973.05.04"]
[Round "11"]
[White "Visier Segovia, Fernando"]
[Black "Saidy, Anthony"]
[Result "1/2-1/2"]
[WhiteElo "2365"]
[BlackElo "2425"]
[EventDate "1973.04.24"]
[PlyCount "78"]

1.d4 Nf6 2.c4 g6 3.Nc3 d5 4.Bf4 Bg7 5.e3 c5 6.dxc5 Qa5 7.Rc1 Ne4 8.cxd5 
Nxc3 9.Qd2 Qxa2 10.bxc3 Qa5 11.Nf3 Qxc5 12.e4 O-O 13.h3 Nd7 14.Be2 b6 15.
O-O Bb7 16.Bh6 Nf6 17.Bxg7 Kxg7 18.Qf4 Qd6 19.Qh4 Nd7 20.Nd2 Rfc8 21.Bg4 
Rc7 22.Bxd7 Rxd7 23.f4 b5 24.c4 Qc5+ 25.Qf2 Qxf2+ 26.Kxf2 bxc4 27.Nxc4 Ba6
28.Ne5 Bxf1 29.Nxd7 Bb5 30.Nc5 Kf8 31.Ke3 Ke8 32.Rb1 a6 33.Kd4 Rd8 34.Ra1 
Kf8 35.Ra2 e6 36.Nxa6 Ra8 37.Nb4 Rxa2 38.Nxa2 exd5 {[Partida tipeada y 
digitalizada por Ernesto Solana (21-09-2016, Canarias, ESP) de la fuente 
primaria: BOLETN OFICIAL DEL I TORNEO INTERNACIONAL DE AJEDREZ CIUDAD DE 
ARRECIFE DE LANZAROTE. (1973, partida nmero 55, pgina 15). Federacin 
Provincial de Ajedrez de Gran Canaria. Espaa. ]} ( {Ernesto Solana 
(21-09-2016) :} 38...exd5 39.exd5 Bf1 40.g4 Bxh3 41.g5 $1 f6 $1 ( 41...Ke7
42.Ke5 $16 ) 42.gxf6 h5 $132 ) 1/2-1/2